Biggest Worldwide Exporters of Goods - Statistics

General Stats
  • This quiz has been taken 44 times
  • The average score is 17 of 20
Answer Stats
Total Value ($) Answer % Correct
503 billion Canada
100%
3.364 trillion China
100%
468 billion United Kingdom
100%
1.755 trillion United States
100%
585 billion France
97%
395 billion India
97%
756 billion Japan
97%
494 billion Russia
97%
1.632 trillion Germany
95%
384 billion Spain
95%
494 billion Mexico
92%
610 billion Italy
90%
644 billion South Korea
90%
344 billion Australia
87%
836 billion Netherlands
87%
543 billion Belgium
74%
380 billion Switzerland
69%
457 billion Singapore
62%
425 billion United Arab Emirates
62%
670 billion Hong Kong
21%
No matching quizzes found
Score Distribution
Percent of People with Each Score
Percentile by Number Answered
Your Score History
You have not taken this quiz